Statistics for Euro 2020 host cities

Click here to take the quiz!

General Stats

  • This quiz has been taken 498 times
    (114 since last reset)
  • The average score is 9 of 13

Answer Stats

Matches to hostHost City% Correct
3 group stage matches + 1 Round of 16 match + Semifinals + FinalLondon
96%
3 group stage matches + 1 Quarter-finalRome
90%
3 group stage matches + 1 Round of 16 matchAmsterdam
83%
3 group stage matches + 1 Quarter-finalMunich
78%
3 group stage matches + 1 Round of 16 matchDublin
70%
3 group stage matches + 1 Round of 16 matchBudapest
69%
3 group stage matches + 1 Round of 16 matchCopenhagen
69%
3 group stage matches + 1 Quarter-finalBaku
65%
3 group stage matches + 1 Round of 16 matchGlasgow
63%
3 group stage matches + 1 Round of 16 matchBucharest
62%
3 group stage matches + 1 Round of 16 matchBilbao
60%
3 group stage matches + 1 Round of 16 match Declined to hostBrussels
56%
3 group stage matches + 1 Quarter-finalSaint Petersburg
55%

Score Distribution

Percentile by Number Answered

Percent of People with Each Score

Your Score History

You have not taken this quiz since the last reset